000
00287nam a22001337a 4500
008
181106b xxu||||| |||| 00| 0 eng d
020
_a
9780465056736
041
_a
eng
080
_a
101
100
_a
23
101
_a
FIL
245
_a
Philosophy The Flesh
_c
Geo.L
942
_2
udc
_c
BK
999
_c
51919
_d
51919